Fauna asociada con los nidos de las abejas carpinteras Xylocopa spp. (Hymenoptera: Anthophoridae) (Registro nro. 15869)
[ vista simple ]
| 000 -CABECERA | |
|---|---|
| Campo de control | 004530000a22001330004500 |
| 090 ## - CLASIFICACIÓN LOCAL | |
| Colección | As |
| Consecutivo | Seriadas |
| 041 0# - IDIOMA | |
| Código de idioma para texto/pista de sonido o título separado | |
| 100 1# - ASIENTO PRINCIPAL--NOMBRE PERSONAL | |
| Nombre personal | Caicedo R., Guadalupe |
| 245 10 - MENCION DE TITULO | |
| Título | Fauna asociada con los nidos de las abejas carpinteras Xylocopa spp. (Hymenoptera: Anthophoridae) |
| 700 1# - ASIENTO SECUNDARIO - NOMBRE PERSONAL | |
| Nombre personal | Vargas G., Hector A. |
| 700 1# - ASIENTO SECUNDARIO - NOMBRE PERSONAL | |
| Nombre personal | Fernández, Fernando |
| 773 1# - Item fuente: | |
| Título | Revista Colombiana de Entomología |
| Descripción física | 2 |
| Paginas del Articulo | 83-86 |
| Lugar, editorial y fecha de publicación | 1995 |
| Información sobre la relación | 21 |
| 942 ## - ELEMENTOS ADICIONALES (KOHA) | |
| Tipo de ítem | Artículo |
No hay ítems disponibles.